| 000 | 00531nam a22001697a 4500 | ||
|---|---|---|---|
| 020 | _qHard Cover. | ||
| 082 | _aBEE-4 ANA | ||
| 100 | _aAnas Shoaib : Zohaib Hayat. | ||
| 245 |
_aFPGA Based Spectrum Analyzer / _cShoaib Anas : Hayat Zohaib |
||
| 260 |
_aIslamabad: _bSEECS NUST, _c2011. |
||
| 300 |
_a114 p. : _c30cm. |
||
| 650 |
_aBEE-4 _955191 |
||
| 700 |
_aMr. Osman Hassan _955192 |
||
| 856 | _uhttp://10.250.8.41:8080/xmlui/handle/123456789/29510 | ||
| 942 |
_2ddc _cPR |
||
| 999 |
_c566063 _d566063 |
||